[Event "FRA-ch Accession"]
[Site "Nimes"]
[Date "2018.08.18"]
[Round "1"]
[White "Lagarde, Maxime"]
[Black "O'Sullivan, Thomas"]
[Result "0-1"]
[WhiteElo "2607"]
[BlackElo "2293"]
[PlyCount "100"]
[EventDate "2018.08.18"]
[EventType "swiss"]
[EventRounds "9"]
[EventCountry "FRA"]
[SourceTitle "CBM 186 Extra"]
[Source "ChessBase"]
[SourceDate "2018.08.24"]
[SourceVersion "1"]
[SourceVersionDate "2018.08.24"]
[SourceQuality "1"]

1. e4 c5 2. Nc3 a6 3. g3 b5 4. Bg2 Bb7 5. a4 b4 6. Nd5 e6 7. Ne3 Nf6 8. d3 d5 9. exd5 Nxd5 10. Nc4 Nd7 11. Nf3 Be7 12. a5 Qc7 13. 0-0 0-0 14. Re1 Rad8 15. Bd2 Rfe8 16. c3 Bf6 17. Qc1 e5 18. h4 Qb8 19. Nh2 Be7 20. Bh3 N5f6 21. Nf1 Bf8 22. Nfe3 Qc7 23. cxb4 cxb4 24. Nb6 Qxc1 25. Rexc1 Nc5 26. Bxb4 Nb3 27. Bxf8 Kxf8 28. Rc7 Nxa1 29. Rxb7 Re7 30. Rxe7 Kxe7 31. b4 Nb3 32. Bc8 Rxc8 33. Nxc8+ Kd7 34. Nb6+ Kc6 35. Nec4 Kb5 36. Nxe5 Kxb4 37. Nxf7 Kxa5 38. Nc4+ Kb4 39. Nfe5 a5 40. g4 a4 41. g5 Nd5 42. g6 hxg6 43. Kg2 Na5 44. Kf3 Nxc4 45. Nxc4 Nb6 46. Nxb6 a3 47. Nd5+ Kb3 48. Nf4 a2 49. Nxg6 a1Q 50. Nf4 Qe5 0-1

[Event "FRA-ch Accession"]
[Site "Agen"]
[Date "2017.08.24"]
[Round "6"]
[White "Pottier, Alexandre"]
[Black "O'Sullivan, Thomas"]
[Result "1/2-1/2"]
[WhiteElo "2127"]
[BlackElo "2238"]
[PlyCount "100"]
[EventDate "2017.08.19"]
[EventType "swiss"]
[EventRounds "9"]
[EventCountry "FRA"]
[SourceTitle "EXT 2019"]
[Source "ChessBase"]
[SourceDate "2018.10.10"]
[SourceVersion "1"]
[SourceVersionDate "2018.10.10"]
[SourceQuality "1"]

1. Nf3 c5 2. e3 g6 3. d4 cxd4 4. Nxd4 Nf6 5. Be2 Bg7 6. 0-0 0-0 7. b3 Nc6 8. Bb2 d6 9. c4 Bd7 10. Nc3 Rc8 11. Bf3 Qb6 12. Qd2 a6 13. Nxc6 Bxc6 14. e4 Nd7 15. Rae1 Rc7 16. Nd5 Bxd5 17. Bxg7 Kxg7 18. Qxd5 Rfc8 19. Bg4 Nf6 20. Qg5 Rc5 21. Qf4 R8c7 22. Bd1 Qa5 23. a4 Nd7 24. Qe3 Qb4 25. f4 b5 26. axb5 axb5 27. Be2 bxc4 28. bxc4 Ra5 29. Qd4+ f6 30. Rb1 Qc5 31. Rfd1 Ra2 32. Bf1 Rc2 33. Qxc5 Nxc5 34. Re1 Ne6 35. e5 Nxf4 36. exd6 exd6 37. Re4 g5 38. Rd1 Ra7 39. g3 Ng6 40. Rxd6 Raa2 41. Rd7+ Kh6 42. Rf7 Ra6 43. Re2 Rxe2 44. Bxe2 Rc6 45. Bd3 g4 46. Kf2 Ne5 47. Rxh7+ Kg5 48. Rg7+ Kh6 49. Rh7+ Kg5 50. Rg7+ Kh6 1/2-1/2

[Event "EU-ch U16 26th"]
[Site "Prague"]
[Date "2016.08.26"]
[Round "8"]
[White "Sousa, Andre Ventura"]
[Black "O'Sullivan, Thomas"]
[Result "1-0"]
[WhiteElo "2411"]
[BlackElo "2293"]
[PlyCount "69"]
[EventDate "2016.08.18"]
[EventType "swiss"]
[EventRounds "9"]
[EventCountry "CZE"]
[SourceTitle "CBM 174 Extra"]
[Source "ChessBase"]
[SourceDate "2016.10.10"]
[SourceVersion "1"]
[SourceVersionDate "2016.10.10"]
[SourceQuality "1"]

1. e4 c5 2. Nf3 e6 3. d4 cxd4 4. Nxd4 Nc6 5. Nc3 Qc7 6. Be2 Nf6 7. 0-0 Be7 8. Be3 0-0 9. f4 d6 10. Bf3 Nxd4 11. Qxd4 e5 12. Qd3 Be6 13. Nb5 Qb8 14. f5 Bd7 15. a4 Rd8 16. c4 Bc6 17. a5 Bxb5 18. cxb5 d5 19. exd5 e4 20. Bxe4 Bd6 21. h3 Bh2+ 22. Kh1 Nh5 23. Bf2 Ng3+ 24. Kxh2 Nxe4+ 25. Kh1 Qe5 26. Bh4 Qxd5 27. Qxd5 Rxd5 28. Rfe1 Nc5 29. Re7 Rxf5 30. b4 Nb3 31. Rb1 Nd4 32. Rxb7 Rxb5 33. a6 Rxb7 34. axb7 Rb8 35. Re1 1-0

[Event "EU-ch U16 26th"]
[Site "Prague"]
[Date "2016.08.25"]
[Round "7"]
[White "O'Sullivan, Thomas"]
[Black "Zeman, Matyas"]
[Result "1-0"]
[WhiteElo "2293"]
[BlackElo "2166"]
[PlyCount "101"]
[EventDate "2016.08.18"]
[EventType "swiss"]
[EventRounds "9"]
[EventCountry "CZE"]
[SourceTitle "CBM 174 Extra"]
[Source "ChessBase"]
[SourceDate "2016.10.10"]
[SourceVersion "1"]
[SourceVersionDate "2016.10.10"]
[SourceQuality "1"]

1. d4 d5 2. c4 e6 3. Nc3 c6 4. e4 dxe4 5. Nxe4 Nd7 6. Nf3 Ngf6 7. Bd3 Be7 8. 0-0 0-0 9. Qe2 Qc7 10. b3 b6 11. Bb2 Bb7 12. Rad1 Nxe4 13. Qxe4 Nf6 14. Qh4 h6 15. Ne5 c5 16. dxc5 Ne4 17. cxb6 axb6 18. Qg4 f5 19. Qe2 Bf6 20. Bxe4 Bxe4 21. Nd7 Rxa2 22. Rd2 Rd8 23. Nxf6+ gxf6 24. f3 Rxd2 25. Qxd2 Bc6 26. Re1 Qd7 27. Qc1 e5 28. Rd1 Qe7 29. Qb1 Ra8 30. Qxf5 Kg7 31. h3 Rd8 32. Re1 Re8 33. Qg4+ Kf7 34. Bc1 Rh8 35. Kh1 h5 36. Qh4 Qe6 37. Be3 Bb7 38. Ra1 Rh7 39. Rc1 Qf5 40. Qf2 Rg7 41. Rd1 h4 42. Ra1 Kg8 43. Ra7 Qb1+ 44. Kh2 Qxb3 45. Bh6 Rf7 46. Qxh4 Qc2 47. Qh5 Qd3 48. Ra3 Qxc4 49. Qg6+ Kh8 50. Ra4 Qc6 51. Rh4 1-0

[Event "FRA-ch U16"]
[Site "Gonfreville"]
[Date "2016.04.15"]
[Round "7"]
[White "O'Sullivan, Thomas"]
[Black "Ferrari, Louis"]
[Result "1-0"]
[WhiteElo "1918"]
[BlackElo "2091"]
[PlyCount "99"]
[EventDate "2016.04.22"]
[EventType "swiss"]
[EventRounds "9"]
[EventCountry "FRA"]
[SourceTitle "EXT 2022"]
[Source "ChessBase"]
[SourceDate "2021.10.06"]
[SourceVersion "1"]
[SourceVersionDate "2021.10.06"]
[SourceQuality "1"]

1. d4 Nf6 2. c4 g6 3. Nc3 d5 4. cxd5 Nxd5 5. e4 Nxc3 6. bxc3 c5 7. Be3 Qa5 8. Qd2 cxd4 9. cxd4 Qxd2+ 10. Kxd2 Bg7 11. Rb1 0-0 12. Nf3 Rd8 13. Bd3 b6 14. Rhc1 Ba6 15. Bc4 Bxc4 16. Rxc4 Na6 17. Ke2 f5 18. e5 h6 19. Rbc1 b5 20. R4c3 Rd7 21. a3 Rad8 22. Rc6 Nb8 23. Rxg6 Kh7 24. Rg3 a5 25. Rh3 Kg8 26. Bxh6 Bxh6 27. Rxh6 Rb7 28. g4 Kg7 29. Rh5 fxg4 30. Rg1 Kf7 31. Rxg4 Ke6 32. Rg6+ Kd5 33. Kd3 Rf8 34. e6+ Kd6 35. Nd2 Kc7 36. Rc5+ Kb6 37. Rgg5 Ka6 38. a4 Rxf2 39. axb5+ Ka7 40. Nc4 Na6 41. bxa6 Rb3+ 42. Ke4 Re2+ 43. Kd5 Rb8 44. Nxa5 Rd8+ 45. Kc4 Rd6 46. Nc6+ Kxa6 47. d5 Kb6 48. Rb5+ Ka6 49. Nb4+ Ka7 50. Rg7 1-0

[Event "FRA-ch U16"]
[Site "Pau"]
[Date "2015.04.27"]
[Round "4"]
[White "O'Sullivan, Thomas"]
[Black "Rakotomaharo, Fy Antenaina"]
[Result "1-0"]
[WhiteElo "1918"]
[BlackElo "2394"]
[PlyCount "95"]
[EventDate "2015.04.26"]
[EventType "swiss"]
[EventRounds "9"]
[EventCountry "FRA"]
[SourceTitle "CBM 166 Extra"]
[Source "ChessBase"]
[SourceDate "2015.06.18"]
[SourceVersion "1"]
[SourceVersionDate "2015.06.18"]
[SourceQuality "1"]

1. d4 Nf6 2. c4 g6 3. Nc3 d5 4. Nf3 Bg7 5. h4 dxc4 6. e4 c5 7. d5 Bg4 8. Qa4+ Nbd7 9. e5 b5 10. Qxb5 Rb8 11. exf6 Rxb5 12. fxg7 Rg8 13. Nxb5 Bxf3 14. gxf3 Ne5 15. Be2 Qb8 16. Nc3 Rxg7 17. f4 Nd3+ 18. Bxd3 cxd3 19. b3 Rg8 20. Be3 Kd7 21. Kd2 Rc8 22. Rab1 Ke8 23. h5 Kd7 24. hxg6 hxg6 25. Rh7 Rh8 26. Rxh8 Qxh8 27. Kxd3 Qh3 28. Kd2 Qf3 29. Rg1 a6 30. Rg3 Qh1 31. Bxc5 Qh4 32. Ne2 Qh1 33. Re3 e6 34. dxe6+ fxe6 35. Nc3 Qh4 36. Rd3+ Kc6 37. Be3 Qh1 38. Kc2 Qg2 39. Kb2 Qh2 40. Rd2 e5 41. fxe5 Qxe5 42. Rd5 Qe7 43. Rc5+ Kb7 44. Rc4 Qe5 45. Rb4+ Kc8 46. Rb6 g5 47. Rxa6 Qf5 48. Rc6+ 1-0

[Event "Paris-ch Blitz"]
[Site "Paris"]
[Date "2015.??.??"]
[Round "4"]
[White "O'Sullivan, Thomas"]
[Black "Abergel, Thal"]
[Result "1/2-1/2"]
[WhiteElo "1918"]
[BlackElo "2399"]
[PlyCount "127"]
[EventDate "2015.02.28"]
[EventType "swiss (blitz)"]
[EventRounds "9"]
[EventCountry "FRA"]
[SourceTitle "EXT 2016"]
[Source "ChessBase"]
[SourceDate "2015.10.08"]
[SourceVersion "1"]
[SourceVersionDate "2015.10.08"]
[SourceQuality "1"]

1. d4 Nf6 2. c4 b6 3. Nc3 Bb7 4. Qc2 d5 5. cxd5 Nxd5 6. Nf3 g6 7. Nxd5 Qxd5 8. e3 Nc6 9. Bc4 Qd6 10. Ng5 e6 11. Ne4 Qe7 12. Bb5 Qb4+ 13. Nc3 0-0-0 14. a3 Qe7 15. Qa4 Qd6 16. 0-0 f5 17. Ba6 Kb8 18. Bxb7 Kxb7 19. b4 Bg7 20. Bb2 e5 21. Nb5 Qd5 22. dxe5 a6 23. Nc3 Qxe5 24. Rac1 Qe6 25. b5 axb5 26. Qxb5 Bxc3 27. Rxc3 Rhe8 28. Rfc1 Rd6 29. a4 Red8 30. h3 Rd1+ 31. Kh2 Qd6+ 32. g3 Rd2 33. Qxc6+ Qxc6 34. Rxc6 Rxf2+ 35. Kg1 Rxb2 36. Rxc7+ Ka6 37. R7c2 Rb3 38. Kf2 Rdd3 39. Re1 Rb4 40. Rc7 Rxa4 41. Rxh7 Ra2+ 42. Kf3 b5 43. Rg7 Rd6 44. Kf4 b4 45. Kg5 Rg2 46. g4 Rd5 47. Kf4 Rd6 48. e4 b3 49. e5 Re6 50. Rb1 b2 51. Rd7 Rb6 52. Rd6 Re2 53. Rxb6+ Kxb6 54. e6 Kc6 55. Kg5 Kd6 56. Kxg6 Kxe6 57. g5 Rg2 58. Kh5 Ke5 59. Rf1 Rc2 60. g6 Rg2 61. g7 Kd4 62. Kh6 Kc3 63. Kh7 Kc2 64. Kg8 1/2-1/2

[Event "FRA-chT U20 16 GP Basse 1213"]
[Site "France"]
[Date "2013.05.19"]
[Round "9"]
[White "Stamboulian, Brice"]
[Black "O'Sullivan, Thomas"]
[Result "0-1"]
[WhiteElo "1626"]
[BlackElo "1869"]
[PlyCount "90"]
[EventDate "2012.12.01"]
[EventType "team"]
[EventRounds "11"]
[EventCountry "FRA"]
[SourceTitle "EXT 2014"]
[Source "ChessBase"]
[SourceDate "2013.11.20"]
[SourceVersion "1"]
[SourceVersionDate "2013.11.20"]
[SourceQuality "1"]
[WhiteTeam "Grenoble (U20)"]
[BlackTeam "Villepinte (U20)"]
[WhiteTeamCountry "FRA"]
[BlackTeamCountry "FRA"]

1. e4 e6 2. d4 d5 3. Nd2 Nf6 4. e5 Nfd7 5. Bd3 c5 6. c3 Nc6 7. Ne2 cxd4 8. cxd4 f6 9. exf6 Nxf6 10. Nf3 Bd6 11. 0-0 0-0 12. a3 Qc7 13. Qc2 Bd7 14. b4 Rac8 15. Bb2 Qb6 16. Qd2 Ne7 17. Rfe1 Nh5 18. Qg5 Be8 19. Nc3 Nf4 20. Bb1 Nh3+ 21. gxh3 Rxf3 22. Qh4 Bg6 23. Ne2 Rcf8 24. Rf1 Qc7 25. Ng3 R3f4 26. Qg5 h6 27. Qxf4 Bxf4 28. Re1 Bxg3 29. hxg3 Bxb1 30. Raxb1 Qc2 31. Rf1 Rxf2 32. Rxf2 Qxb1+ 33. Kg2 Qe4+ 34. Kh2 Nf5 35. a4 Nxd4 36. b5 Nf3+ 37. Kg2 Ne1+ 38. Kg1 Nd3 39. Rc2 Nxb2 40. Rc8+ Kf7 41. Rc7+ Kf6 42. Rxb7 Qe1+ 43. Kg2 Qe2+ 44. Kg1 Nd1 45. Rxa7 Ne3 0-1